000 00601cam a22002411 4500
001 sa 68009114
003 DLC
005 20260227112540.0
008 940407s1967 ii 000 0 beno
010 _asa 68009114
025 _aPL480:EP-B-1738
035 _a(OCoLC)30103055
040 _aDLC
_cCU
_dCU
_dDLC
042 _apremarc
050 0 0 _aPK1718.M9
_bA17
100 1 _aMostaphā, Golāma,
_d1897-1964.
245 1 0 _aKābya-saṃkalana.
260 _c[1967]
300 _a11, 103 p.
_c22 cm.
500 _aIn Bengali.
700 1 _aAshraf, Syed Ali.
700 0 _aFiroza Khatun,
_d1924-
999 _c82725
_d82725